Statistics for Countries of the Yuan Dynasty

Click here to take the quiz!

General Stats

  • This quiz has been taken 129 times
  • The average score is 5 of 6

Answer Stats

Countries% Correct
China.
99%
Mongolia.
98%
Russia.
95%
North Korea.
94%
South Korea.
90%
Myanmar.
66%

Score Distribution

Percentile by Number Answered

Percent of People with Each Score

Your Score History

You have not taken this quiz